000 00665nam a2200193Ia 4500
008 140626s9999 xx 000 0 und d
100 _aBernat, E.
245 _aExternalizing psychopatholgy and gain-loss feedback in a simulated gambling task :
_bdissociable components of brain response revealed by time-frequency analysis /
_cE. Bernat ... [et al.].
260 _cc2011.
300 _a120 : 2, page 352
440 _aJournal of Abnormal Psychology
521 _aPSYCH
650 _aDisinhibition.
650 _aExternalizing.
650 _aFeedback-related negativity.
650 _aPerformance monitoring.
650 _aTime frequency.
942 _cSE
999 _c121288
_d121288